CDG Direct Flights - Statistics

General Stats
  • This quiz has been taken 58 times
    23 since last reset
  • The average score is 193 of 274
Answers on the Map
Answers color-coded by a green-red scale on the quiz's map according to % correct below.
 
Answer Stats
Answer % Correct
Lisbon
100%
Marseille
100%
Porto
100%
Abu Dhabi
86%
Algiers
86%
Amsterdam
86%
Antananarivo
86%
Athens
86%
Atlanta
86%
Bahrain
86%
Barcelona-El Prat
86%
Beijing
86%
Beirut
86%
Bilbao
86%
Bordeaux-Mérignac
86%
Boston
86%
Brussels
86%
Bucharest
86%
Cairo
86%
Cape Town
86%
Casablanca
86%
Chicago
86%
Dakar
86%
Dallas-Fort Worth
86%
Denver
86%
Detroit
86%
Doha
86%
Dubai
86%
Dublin
86%
EuroAirport
86%
Frankfurt
86%
Geneva
86%
Guangzhou
86%
Hamburg
86%
Havana
86%
Houston
86%
Istanbul IST
86%
Istanbul SAW
86%
Jeddah/Mecca
86%
Johannesburg/Pretoria
86%
Kansai
86%
Lima
86%
Liverpool
86%
London Gatwick
86%
London Heathrow
86%
London-Southend
86%
Lyon
86%
Madrid
86%
Manchester
86%
Manila
86%
Marrakesh
86%
Mexico City
86%
Miami
86%
Milan Linate
86%
Milan Malpensa
86%
Montréal
86%
Mumbai
86%
Munich
86%
Muscat
86%
Nantes
86%
Newark-New York
86%
New York City JFK
86%
Nice
86%
Nouakchott
86%
Orlando
86%
Oslo
86%
Ouagadougou
86%
Perth
86%
Philadelphia
86%
Rabat-Salé
86%
Raleigh-Durham
86%
Rennes
86%
Riga
86%
Rio de Janeiro
86%
Riyadh
86%
Rome-Fiumicino
86%
Salt Lake City
86%
San Francisco
86%
Santiago
86%
Seattle-Tacoma
86%
Seoul-Incheon
86%
Stuttgart
86%
Tel Aviv-Yafo
86%
Tokyo
86%
Toronto
86%
Toulouse-Blagnac
86%
Tunis-Carthage
86%
Vancouver
86%
Venice
86%
Vienna
86%
Zürich
86%
Abidjan
71%
Addis Ababa
71%
Ajaccio
71%
Amman
71%
Ankara
71%
Antalya
71%
Bamako
71%
Bangkok
71%
Bari
71%
Belfast
71%
Belgrade
71%
Bengaluru
71%
Berlin
71%
Birmingham
71%
Bogotá
71%
Bologna
71%
Brazzaville
71%
Brest
71%
Bristol
71%
Budapest
71%
Buenos Aires/Ezeiza
71%
Cagliari
71%
Calgary
71%
Cancún
71%
Catania
71%
Cayenne
71%
Charlotte
71%
Cincinnati/Northern Kentucky
71%
Colombo
71%
Copenhagen
71%
Corfu
71%
Cork
71%
Cotonou
71%
Delhi
71%
Djibouti City
71%
Düsseldorf
71%
Edinburgh
71%
Faro
71%
Florence
71%
Funchal
71%
Halifax
71%
Hanoi
71%
Helsinki-Vantaa
71%
Heraklion
71%
Ho Chi Minh City
71%
Hong Kong
71%
Hurghada
71%
Ibiza
71%
Islamabad
71%
Izmir
71%
Kigali
71%
Kinshasa
71%
Kraków
71%
Kuala Lumpur
71%
Kuwait City
71%
Lagos
71%
Larnaca
71%
Las Palmas
71%
Leeds/Bradford
71%
Libreville
71%
Ljubljana
71%
Lomé
71%
Los Angeles
71%
Luanda
71%
Luxembourg City
71%
Málaga
71%
Malta
71%
Mauritius
71%
Mykonos
71%
Nairobi
71%
Naples
71%
Newcastle upon Tyne
71%
Niamey
71%
Nuremberg
71%
Ottawa
71%
Palermo
71%
Panama City
71%
Pau
71%
Phoenix
71%
Podgorica
71%
Ponta Delgada
71%
Prague
71%
Québec City
71%
Reykjavík-Keflavík
71%
Rhodes
71%
Rovaniemi
71%
Saint-Denis
71%
San José
71%
Santiago de Compostela
71%
Santorini
71%
São Paulo/Guarulhos
71%
Seville
71%
Shanghai
71%
Shannon
71%
Sharm el Sheikh
71%
Shenzhen
71%
Singapore
71%
Sofia
71%
Split
71%
Stockholm
71%
Taipei-Taoyuan
71%
Tallinn
71%
Tashkent
71%
Tbilisi
71%
Tenerife
71%
Tirana
71%
Tromsø
71%
Valencia
71%
Vilnius
71%
Warsaw
71%
Washington D.C.
71%
Xiamen
71%
Xi'An/Xianyang
71%
Yerevan/Zvartnots
71%
Zagreb
71%
Abuja
57%
Agadir
57%
Alicante-Elche
57%
Bastia
57%
Batna
57%
Bergen
57%
Biarritz
57%
Clermont-Ferrand
57%
Djerba-Zarzis
57%
Douala
57%
Dubrovnik
57%
Fes
57%
Fortaleza
57%
Fort-de-France
57%
Fuerteventura
57%
Glasgow
57%
Gothenburg-Landvetter
57%
Guernsey
57%
Hanover
57%
Lanzarote
57%
Luxor
57%
Montpellier
57%
N'Djamena
57%
Oran
57%
Palma de Mallorca
57%
Pointe-à-Pitre
57%
Salvador
57%
Sint Maarten
57%
Tangier
57%
Tétoutan
57%
Turin
57%
Verona
57%
Yaoundé
57%
Zanzibar
57%
Annaba
43%
Baku
43%
Bangui
43%
Bejaia
43%
Biskra
43%
Calvi
43%
Chișinău
43%
Chlef
43%
Chongqing
43%
Conakry
43%
Constantine
43%
Dzaoudzi-Pamandzi
43%
Faroe Islands
43%
Figari
43%
Menorca
43%
Minneapolis-St. Paul
43%
Monastir
43%
Olbia
43%
Oujda
43%
Pointe Noire
43%
Saint Pierre
43%
St. John's
43%
Tlemcen
43%
Billund
29%
El Oued-Guemar
29%
Kiruna
29%
London-Luton
29%
Malabo
29%
Sétif
29%
Stavanger
29%
Varna
29%
Kittilä
14%
Mindelo
14%
Urgench
14%
No matching quizzes found
Score Distribution
Percent of People with Each Score
Percentile by Number Answered
Your Score History
You have not taken this quiz since the last reset